| 000 | 00450nam a22001577u 4500 | ||
|---|---|---|---|
| 008 | 130405s1973 xxu||||| |||| 00| 0 spa d | ||
| 020 | _a8430411062 | ||
| 041 | _aspa | ||
| 100 | 1 |
_aOrdóñez, Valeriano _928742 |
|
| 245 | 0 | 0 |
_aMayo siempre en nuestra vida _b:mes de las flores y teología mariana _cValeriano Ordóñez |
| 260 |
_aMadrid: _bStudium, _c1973 |
||
| 300 |
_a111 p. _c;13 cm. |
||
| 650 | 0 | 4 |
_aDevociones _914271 |
| 942 | _cBK | ||
| 001 | 64033 | ||
| 999 |
_c253904 _d253904 |
||